000 00309nam a22001337a 4500
008 170619b xxu||||| |||| 00| 0 eng d
020 _a0865315590
041 _aeng
080 _a32
100 _a20
101 _aSHP
245 _aDEVELOPMENT AND CRISIS IN BRAZIL, 1930-183
_cPEREIRA,L.B
942 _2udc
_cBK
999 _c18131
_d18131